Рост сельскохозяйственной продукции и снижение себестоимости ее в совхозах Магаданской области; Проблемы Севера; Вып. 3

Detaylı Bibliyografya
Parent link:Проблемы Севера: сборник/ Академия наук СССР (АН СССР).— , 1958-1972
Вып. 3.— 1959.— С. 98-114
Yazar: Пасечник П. П.
Dil:Rusça
Baskı/Yayın Bilgisi: 1959
Seri Bilgileri:Экономика
Materyal Türü: MixedMaterials Kitap Bölümü
KOHA link:https://koha.lib.tpu.ru/cgi-bin/koha/opac-detail.pl?biblionumber=221073

MARC

LEADER 00000naa2a2200000 4500
001 221073
005 20231031195600.0
035 |a (RuTPU)RU\TPU\book\241215 
035 |a RU\TPU\book\241214 
090 |a 221073 
100 |a 20120906d1959 k y0rusy50 ca 
101 0 |a rus 
102 |a RU 
200 1 |a Рост сельскохозяйственной продукции и снижение себестоимости ее в совхозах Магаданской области  |f П. П. Пасечник 
225 1 |a Экономика 
461 0 |0 (RuTPU)RU\TPU\book\119820  |t Проблемы Севера  |o сборник  |f Академия наук СССР (АН СССР)  |d 1958-1972 
463 0 |0 (RuTPU)RU\TPU\book\241156  |t Вып. 3  |v С. 98-114  |d 1959  |p 206 с. 
700 1 |a Пасечник  |b П. П. 
801 1 |a RU  |b 63413507  |c 20120906 
801 2 |a RU  |b 63413507  |c 20120906  |g RCR 
942 |c BK